[Event "EU-ch Blitz"]
[Site "Katowice"]
[Date "2022.12.16"]
[Round "1"]
[White "Saraci, Nderim"]
[Black "Kot, Jerzy"]
[Result "1-0"]
[WhiteElo "2468"]
[BlackElo "1846"]
[PlyCount "77"]
[EventDate "2022.12.16"]
[EventType "swiss (blitz)"]
[EventRounds "22"]
[EventCountry "POL"]
[SourceTitle "CBM 211 Extra"]
[Source "ChessBase"]
[SourceDate "2023.01.31"]
[SourceVersion "1"]
[SourceVersionDate "2023.01.31"]
[SourceQuality "1"]

1. Nf3 g6 2. e3 Bg7 3. d4 Nf6 4. b3 c5 5. Bb2 Ne4 6. Qc1 cxd4 7. Nxd4 0-0 8. Be2 Qa5+ 9. c3 Nc6 10. 0-0 d5 11. Nxc6 bxc6 12. c4 e5 13. Bf3 f5 14. Nc3 Be6 15. Rd1 Rad8 16. Qc2 Ng5 17. Be2 d4 18. exd4 exd4 19. Na4 c5 20. Re1 Bf7 21. Rad1 Rfe8 22. Rf1 Rd7 23. Bc1 Ne4 24. Bd3 Rde7 25. Bd2 Nxd2 26. Qxd2 Qc7 27. Rfe1 Be5 28. g3 f4 29. Re4 g5 30. Rde1 Bg6 31. R4e2 fxg3 32. hxg3 Bh5 33. Qxg5+ Rg7 34. Qxh5 Ree7 35. Rxe5 Rxe5 36. Qxe5 Qf7 37. Qe8+ Qxe8 38. Rxe8+ Kf7 39. Re5 1-0

[Event "EU-ch Blitz"]
[Site "Katowice"]
[Date "2021.12.17"]
[Round "22"]
[White "Sokolowski, Jacek"]
[Black "Kot, Jerzy"]
[Result "1-0"]
[WhiteElo "2131"]
[BlackElo "1833"]
[PlyCount "65"]
[EventDate "2021.12.17"]
[EventType "swiss (blitz)"]
[EventRounds "22"]
[EventCountry "POL"]
[SourceTitle "CBM 205 Extra"]
[Source "ChessBase"]
[SourceDate "2022.01.31"]
[SourceVersion "1"]
[SourceVersionDate "2022.01.31"]
[SourceQuality "1"]

1. e4 c5 2. c3 d5 3. exd5 Qxd5 4. d4 Nf6 5. Nf3 g6 6. Be2 Bg7 7. c4 Qd8 8. d5 b5 9. 0-0 0-0 10. cxb5 Nxd5 11. Qb3 Bb7 12. Rd1 e6 13. Nc3 Nd7 14. Ne4 Qb6 15. Bg5 h6 16. Bh4 f5 17. Nc3 g5 18. Bxg5 hxg5 19. Nxg5 Nxc3 20. bxc3 Ne5 21. Nxe6 Rf7 22. Ng5 Qg6 23. f4 c4 24. Bxc4 Nxc4 25. Qxc4 Rc8 26. Qxf7+ Qxf7 27. Nxf7 Rxc3 28. Ne5 Be4 29. Rac1 Ra3 30. Rd2 Bf8 31. Rc8 Bb7 32. Rb8 Bd5 33. Rxd5 1-0

[Event "POL Cup op blitz"]
[Site "Lodz"]
[Date "2021.08.08"]
[Round "12"]
[White "Luczak, Filip"]
[Black "Kot, Jerzy"]
[Result "1-0"]
[WhiteElo "2321"]
[BlackElo "1837"]
[PlyCount "67"]
[EventDate "2021.08.08"]
[EventType "swiss (blitz)"]
[EventRounds "13"]
[EventCountry "POL"]
[SourceTitle "CBM 203 Extra"]
[Source "ChessBase"]
[SourceDate "2021.09.30"]
[SourceVersion "1"]
[SourceVersionDate "2021.09.30"]
[SourceQuality "1"]

1. b3 g6 2. Bb2 Nf6 3. e3 Bg7 4. Nf3 0-0 5. Be2 d5 6. 0-0 c5 7. c4 e6 8. cxd5 exd5 9. d4 Nbd7 10. Nbd2 b6 11. Rc1 Ne4 12. Qc2 Bb7 13. dxc5 bxc5 14. Bxg7 Kxg7 15. Nxe4 dxe4 16. Nd2 f5 17. Rfd1 Qf6 18. Nc4 Rad8 19. Rd6 Qe7 20. Rcd1 Nf6 21. Qc3 Rxd6 22. Rxd6 Rd8 23. Rxd8 Qxd8 24. g3 Ba6 25. Qe5 Bxc4 26. Bxc4 Qb6 27. Qe7+ Kh6 28. Qf8+ Kh5 29. Be2+ Ng4 30. h3 Qb4 31. hxg4+ fxg4 32. Bxg4+ Kxg4 33. Qf4+ Kh5 34. Qh4# 1-0

[Event "Krakow Olimpic op"]
[Site "Krakow"]
[Date "2019.10.05"]
[Round "2"]
[White "Licznerski, Lukasz"]
[Black "Kot, Jerzy"]
[Result "1-0"]
[WhiteElo "2358"]
[BlackElo "1983"]
[PlyCount "57"]
[EventDate "2019.10.04"]
[EventType "swiss"]
[EventRounds "5"]
[EventCountry "POL"]
[SourceTitle "EXT 2020"]
[Source "ChessBase"]
[SourceDate "2019.10.17"]
[SourceVersion "1"]
[SourceVersionDate "2019.10.17"]
[SourceQuality "1"]

1. e4 g6 2. d4 Bg7 3. Nf3 Nf6 4. e5 Nd5 5. c4 Nb4 6. a3 N4a6 7. b4 c6 8. Bd3 d6 9. Bb2 Bg4 10. h3 Bxf3 11. Qxf3 0-0 12. 0-0 Nc7 13. Nd2 dxe5 14. dxe5 Nd7 15. Qe3 Ne6 16. f4 Qc7 17. Nf3 Bh6 18. Nh2 Rfe8 19. Ng4 Bg7 20. f5 Nef8 21. Nh6+ Bxh6 22. Qxh6 Nxe5 23. Rae1 Nfd7 24. Rf4 f6 25. Rh4 Nf8 26. Bxe5 fxe5 27. fxg6 Qd6 28. gxh7+ Kh8 29. Rg4 1-0

[Event "Wroclaw Anderssen Memorial op"]
[Site "Wroclaw"]
[Date "2018.08.05"]
[Round "9"]
[White "Zwardon, Vojtech"]
[Black "Kot, Jerzy"]
[Result "1-0"]
[WhiteElo "2452"]
[BlackElo "2020"]
[PlyCount "37"]
[EventDate "2018.08.04"]
[EventType "swiss (rapid)"]
[EventRounds "13"]
[EventCountry "POL"]
[SourceTitle "CBM 185 Extra"]
[Source "ChessBase"]
[SourceDate "2018.07.29"]
[SourceVersion "1"]
[SourceVersionDate "2018.07.29"]
[SourceQuality "1"]

1. c4 g6 2. g3 Bg7 3. Bg2 Nf6 4. Nc3 0-0 5. d3 c6 6. Bg5 h6 7. Bd2 d5 8. Qc1 Kh7 9. h4 dxc4 10. dxc4 Be6 11. h5 Ng8 12. hxg6+ fxg6 13. Ne4 Bf5 14. Ng5+ Kh8 15. N1f3 Nd7 16. Bc3 Ndf6 17. e4 Bg4 18. Ne5 Qb6 19. Nxg6# 1-0

[Event "Wroclaw Anderssen Memorial op"]
[Site "Wroclaw"]
[Date "2018.08.04"]
[Round "2"]
[White "Kot, Jerzy"]
[Black "Kowalczyk, Pawel"]
[Result "0-1"]
[WhiteElo "2020"]
[BlackElo "2337"]
[PlyCount "80"]
[EventDate "2018.08.04"]
[EventType "swiss (rapid)"]
[EventRounds "13"]
[EventCountry "POL"]
[SourceTitle "CBM 185 Extra"]
[Source "ChessBase"]
[SourceDate "2018.07.29"]
[SourceVersion "1"]
[SourceVersionDate "2018.07.29"]
[SourceQuality "1"]

1. e4 d5 2. exd5 Nf6 3. Bb5+ Bd7 4. Bc4 Bg4 5. f3 Bc8 6. Nc3 Nbd7 7. d4 Nb6 8. Bb3 Nbxd5 9. Nge2 Bf5 10. 0-0 e6 11. Nxd5 Nxd5 12. g4 Bg6 13. c4 Nb6 14. Nf4 Qd7 15. d5 e5 16. Nd3 f6 17. Be3 0-0-0 18. Nc5 Bxc5 19. Bxc5 h5 20. g5 fxg5 21. Qe2 Rde8 22. Rad1 e4 23. f4 Bf5 24. Rd4 Bg4 25. Qe3 Bf3 26. Rxf3 exf3 27. Qxf3 gxf4 28. Rxf4 g5 29. Rf7 Qg4+ 30. Qxg4+ hxg4 31. Bf2 Rhf8 32. Rg7 Nd7 33. Rxg5 Ne5 34. Rg7 Nf3+ 35. Kg2 Re2 36. Kg3 Ne5 37. Bc5 Rf3+ 38. Kh4 Rxh2+ 39. Kg5 Nf7+ 40. Kg6 Rh6# 0-1

[Event "Lazy op 14th"]
[Site "Lazy"]
[Date "2018.06.27"]
[Round "4"]
[White "Kot, Jerzy"]
[Black "Sypien, Natan"]
[Result "1-0"]
[WhiteElo "2028"]
[BlackElo "1774"]
[PlyCount "55"]
[EventDate "2018.06.24"]
[EventType "swiss"]
[EventRounds "9"]
[EventCountry "POL"]
[SourceTitle "CBM 185 Extra"]
[Source "ChessBase"]
[SourceDate "2018.07.29"]
[SourceVersion "1"]
[SourceVersionDate "2018.07.29"]
[SourceQuality "1"]

1. g3 d5 2. Bg2 e5 3. c4 dxc4 4. Qa4+ c6 5. Qxc4 Be6 6. Qc3 Nd7 7. Nf3 Qc7 8. 0-0 Ngf6 9. d4 exd4 10. Nxd4 Bg4 11. h3 Bh5 12. Bf4 Bd6 13. Nb5 cxb5 14. Qxc7 Bxc7 15. Bxc7 Rc8 16. Bd6 Nb8 17. Bxb7 Rd8 18. Bb4 Nd5 19. Bxd5 Rxd5 20. Nc3 Rd2 21. Nxb5 Rxb2 22. a3 Bxe2 23. Rfe1 Kd7 24. Nd4 Bh5 25. g4 Bg6 26. Re7+ Kd8 27. Rxa7 Re8 28. Ba5+ 1-0

[Event "Lazy op 14th"]
[Site "Lazy"]
[Date "2018.06.24"]
[Round "1"]
[White "Wieczorek, Mikolaj"]
[Black "Kot, Jerzy"]
[Result "0-1"]
[WhiteElo "1726"]
[BlackElo "2028"]
[PlyCount "168"]
[EventDate "2018.06.24"]
[EventType "swiss"]
[EventRounds "9"]
[EventCountry "POL"]
[SourceTitle "CBM 185 Extra"]
[Source "ChessBase"]
[SourceDate "2018.07.29"]
[SourceVersion "1"]
[SourceVersionDate "2018.07.29"]
[SourceQuality "1"]

1. e4 g6 2. d4 Bg7 3. f4 c5 4. c3 Qa5 5. d5 e6 6. Bd2 exd5 7. exd5 Ne7 8. Qb3 0-0 9. Bd3 d6 10. Ne2 Nd7 11. c4 Qc7 12. Nbc3 a6 13. 0-0 Nf6 14. a4 Rb8 15. Qc2 Bd7 16. a5 b5 17. axb6 Rxb6 18. Nd1 Qb8 19. Bc3 Qa7 20. Ng3 Nexd5 21. cxd5 c4 22. Bd4 cxd3 23. Qxd3 Qb7 24. Bxb6 Qxb6+ 25. Kh1 Bb5 26. Qb3 Qd4 27. Re1 Qxf4 28. Nc3 Ng4 29. Nxb5 axb5 30. Qf3 Qb4 31. h3 Ne5 32. Qe4 Nc4 33. Rab1 Qb3 34. Nf1 Be5 35. Re2 Rc8 36. Qf3 Qxf3 37. gxf3 Rc5 38. Nd2 Rxd5 39. Nxc4 bxc4 40. Rc1 Rc5 41. Rcc2 f6 42. Rf2 g5 43. Rfe2 Kf7 44. Kg2 Kg6 45. h4 h6 46. hxg5 hxg5 47. Re1 Kf5 48. Rb1 d5 49. b4 Rc8 50. b5 c3 51. Kf2 d4 52. Ke2 Rd8 53. Kd3 Kf4 54. Rf2 Kg3 55. Rc2 Kxf3 56. b6 g4 57. Rf1+ Kg3 58. Rg1+ Kh4 59. Rh1+ Kg5 60. Rh7 g3 61. b7 Kf5 62. Rg7 Ke6 63. Re2 Kd6 64. Re4 Kc6 65. Reg4 Rb8 66. Rxg3 Rxb7 67. Rxb7 Kxb7 68. Rf3 Kc6 69. Rf2 Kd5 70. Re2 Bf4 71. Rf2 Ke5 72. Ra2 Be3 73. Ra6 f5 74. Ra8 Kf4 75. Rf8 Kg4 76. Rg8+ Kf3 77. Rf8 f4 78. Rf7 Kg2 79. Rg7+ Kf2 80. Rf7 f3 81. Rg7 Kf1 82. Rh7 f2 83. Ke4 Ke2 84. Rh2 c2 0-1

[Event "POL-ch rapid"]
[Site "Zgierz"]
[Date "2017.01.08"]
[Round "8"]
[White "Kot, Jerzy"]
[Black "Jagodzinski, Piotr"]
[Result "1-0"]
[WhiteElo "2068"]
[BlackElo "2189"]
[PlyCount "111"]
[EventDate "2017.01.08"]
[EventType "swiss (rapid)"]
[EventRounds "9"]
[EventCountry "POL"]
[SourceTitle "CBM 176 Extra"]
[Source "ChessBase"]
[SourceDate "2017.03.02"]
[SourceVersion "1"]
[SourceVersionDate "2017.03.02"]
[SourceQuality "1"]

1. g3 e5 2. Bg2 Nf6 3. Nf3 Nc6 4. 0-0 h6 5. c4 Be7 6. Nc3 0-0 7. d4 d6 8. h3 a6 9. e4 Rb8 10. a4 exd4 11. Nxd4 Nxd4 12. Qxd4 Re8 13. Be3 Bd7 14. f4 Bf8 15. Bf2 Bc6 16. Rfe1 g6 17. Re2 Bg7 18. Qd2 a5 19. Rd1 Nd7 20. Nd5 Bxa4 21. Ra1 Bc6 22. Rxa5 b5 23. Ra7 bxc4 24. Nxc7 Rxb2 25. Qxd6 Rxe2 26. Qxc6 Rf8 27. Nd5 Nf6 28. Ne7+ Kh8 29. e5 Qd1+ 30. Bf1 Rxf2 31. Qxc4 Rxf1+ 32. Qxf1 Qxf1+ 33. Kxf1 Nh5 34. Kf2 g5 35. Kf3 Rb8 36. Kg4 Rb3 37. Kxh5 Rxg3 38. Nf5 Rxh3+ 39. Kg4 Rh1 40. Rxf7 gxf4 41. Nxg7 Rg1+ 42. Kh5 Rxg7 43. Rxf4 Kh7 44. Rf5 Re7 45. Kg4 Kg6 46. Rf6+ Kg7 47. Kf5 Ra7 48. Rg6+ Kh7 49. Rd6 Rf7+ 50. Ke6 Rf2 51. Kd7 Rf7+ 52. Ke8 Ra7 53. Rd7+ Rxd7 54. Kxd7 h5 55. e6 h4 56. e7 1-0

[Event "POL-ch rapid"]
[Site "Zgierz"]
[Date "2017.01.08"]
[Round "6"]
[White "Kot, Jerzy"]
[Black "Rawicz, Karol"]
[Result "1-0"]
[WhiteElo "2068"]
[BlackElo "2191"]
[PlyCount "67"]
[EventDate "2017.01.08"]
[EventType "swiss (rapid)"]
[EventRounds "9"]
[EventCountry "POL"]
[SourceTitle "CBM 176 Extra"]
[Source "ChessBase"]
[SourceDate "2017.03.02"]
[SourceVersion "1"]
[SourceVersionDate "2017.03.02"]
[SourceQuality "1"]

1. g3 Nf6 2. Bg2 d5 3. Nf3 g6 4. 0-0 Bg7 5. c4 0-0 6. d4 dxc4 7. Nc3 Nbd7 8. e4 Nb6 9. h3 Bd7 10. Qe2 Qc8 11. Kh2 c5 12. d5 e6 13. d6 Ne8 14. e5 f6 15. Rd1 fxe5 16. Bg5 Rf5 17. g4 Rf7 18. Bh4 Bc6 19. Nxe5 Bxe5+ 20. Qxe5 Bxg2 21. Kxg2 Qc6+ 22. Ne4 Nd5 23. Bg3 Nef6 24. Kh2 Nxe4 25. Qxe4 Re8 26. Re1 b5 27. Rad1 Qd7 28. Rxd5 exd5 29. Qxe8+ Qxe8 30. Rxe8+ Kg7 31. Be5+ Kh6 32. f4 d4 33. Re7 Rf8 34. Bg7# 1-0

[Event "Trzcianka Dziedzic Memorial 6th"]
[Site "Trzcianka"]
[Date "2016.09.18"]
[Round "2"]
[White "Heberla, Bartlomiej"]
[Black "Kot, Jerzy"]
[Result "1-0"]
[WhiteElo "2552"]
[BlackElo "2068"]
[PlyCount "119"]
[EventDate "2016.09.18"]
[EventType "swiss (rapid)"]
[EventRounds "9"]
[EventCountry "POL"]
[SourceTitle "CBM 174 Extra"]
[Source "ChessBase"]
[SourceDate "2016.10.10"]
[SourceVersion "1"]
[SourceVersionDate "2016.10.10"]
[SourceQuality "1"]

1. e4 c5 2. Nf3 g6 3. c3 d5 4. exd5 Qxd5 5. d4 Nf6 6. Be2 Bg7 7. c4 Qd8 8. d5 b5 9. Nc3 bxc4 10. Bxc4 0-0 11. 0-0 Nbd7 12. Qe2 Nb6 13. Ne5 Bb7 14. Rd1 Rc8 15. Bg5 Nxc4 16. Nxc4 h6 17. Bh4 g5 18. Bg3 Nxd5 19. Nxd5 Bxd5 20. Nd6 exd6 21. Rxd5 Qf6 22. Rb1 Rc6 23. b3 Qe6 24. Qxe6 fxe6 25. Rxd6 Rfc8 26. Rd7 Ra6 27. h4 gxh4 28. Bxh4 Rxa2 29. Re1 e5 30. Re3 Rf8 31. Rc7 Ra5 32. Be7 Rf7 33. Rc8+ Kh7 34. Bxc5 Ra1+ 35. Kh2 Rxf2 36. Rc7 Rff1 37. Bd6 Rh1+ 38. Kg3 Kg6 39. Re4 h5 40. Rxg7+ Kxg7 41. Bxe5+ Kg6 42. Bxa1 Rxa1 43. Re6+ Kf5 44. Rh6 Kg5 45. Rc6 Ra3 46. Rc5+ Kg6 47. Rb5 a5 48. Kh4 Ra2 49. Rg5+ Kf6 50. Kxh5 Rb2 51. Rg3 Kf5 52. Rf3+ Ke4 53. Rg3 Kf4 54. Kh4 Rb1 55. Rf3+ Ke4 56. Kg4 Rg1 57. g3 Rb1 58. Rf4+ Ke3 59. Rf5 Rxb3 60. Rf3+ 1-0

[Event "EU-ch rapid"]
[Site "Wroclaw"]
[Date "2014.12.20"]
[Round "2"]
[White "Loginov, Valery A"]
[Black "Kot, Jerzy"]
[Result "1-0"]
[WhiteElo "2486"]
[BlackElo "2135"]
[PlyCount "61"]
[EventDate "2014.12.20"]
[EventType "swiss (rapid)"]
[EventRounds "11"]
[EventCountry "POL"]
[SourceTitle "CBM 164 Extra"]
[Source "ChessBase"]
[SourceDate "2015.03.02"]
[SourceVersion "1"]
[SourceVersionDate "2015.03.02"]
[SourceQuality "1"]

1. e4 c5 2. Nf3 g6 3. d4 cxd4 4. Qxd4 Nf6 5. e5 Nc6 6. Qa4 Nd5 7. Qe4 Ndb4 8. Bb5 Qa5 9. Nc3 d5 10. exd6 Bf5 11. Qe5 0-0-0 12. Qxh8 Nxc2+ 13. Ke2 Nxa1 14. Rd1 exd6 15. Qxh7 Nc2 16. Qxf7 Ne5 17. Qd5 Nxf3 18. Bd7+ Rxd7 19. Qxa5 Ncd4+ 20. Kf1 Nc6 21. Qd5 Nxh2+ 22. Kg1 Ng4 23. Bg5 Nh6 24. Re1 Bg7 25. Re8+ Kc7 26. Nb5+ Kb6 27. Be3+ Ka6 28. Qc4 Ka5 29. Nxa7 Nxa7 30. b4+ Ka4 31. Bxa7 1-0

[Event "EU-ch rapid"]
[Site "Warsaw"]
[Date "2012.12.15"]
[Round "3"]
[White "Kot, Jerzy"]
[Black "Stupak, Kirill"]
[Result "0-1"]
[WhiteElo "2178"]
[BlackElo "2526"]
[PlyCount "82"]
[EventDate "2012.12.15"]
[EventType "swiss (rapid)"]
[EventRounds "11"]
[EventCountry "POL"]
[SourceTitle "EXT 2014"]
[Source "ChessBase"]
[SourceDate "2013.11.20"]
[SourceVersion "1"]
[SourceVersionDate "2013.11.20"]
[SourceQuality "1"]

1. g3 Nf6 2. Bg2 d5 3. Nf3 c5 4. 0-0 Nc6 5. c4 d4 6. a3 a5 7. d3 g6 8. e3 Bg7 9. exd4 cxd4 10. Re1 Nd7 11. Nbd2 0-0 12. Rb1 Nc5 13. Ne4 Na6 14. Bd2 Rb8 15. b4 axb4 16. axb4 b5 17. Qc2 Bd7 18. Qa2 Qb6 19. Bf4 Naxb4 20. Qd2 bxc4 21. Bxb8 c3 22. Qe2 Rxb8 23. Rec1 Ra8 24. Ne1 Qb5 25. f4 h6 26. Nf2 Ra4 27. Bxc6 Bxc6 28. Qxe7 Bf8 29. Qf6 Qd5 30. Qe5 Qxe5 31. fxe5 Ra2 32. Ra1 Rd2 33. Ra5 h5 34. g4 Bh6 35. Ne4 Be3+ 36. Kf1 Bxe4 37. dxe4 Rf2+ 38. Kg1 Rf4+ 39. Kg2 Rxg4+ 40. Kf3 Rf4+ 41. Kg3 Bxc1 0-1

[Event "Wroclaw Anderssen Memorial op 20th"]
[Site "Wroclaw"]
[Date "2011.07.11"]
[Round "9"]
[White "Kot, Jerzy"]
[Black "Dworakowska, Joanna"]
[Result "0-1"]
[WhiteElo "2186"]
[BlackElo "2306"]
[PlyCount "68"]
[EventDate "2011.07.11"]
[EventType "swiss (rapid)"]
[EventRounds "9"]
[EventCountry "POL"]
[SourceTitle "CBM 143 Extra"]
[Source "ChessBase"]
[SourceDate "2011.08.29"]
[SourceVersion "1"]
[SourceVersionDate "2011.08.29"]
[SourceQuality "1"]

1. g3 d5 2. Bg2 Nf6 3. Nf3 Bf5 4. 0-0 h6 5. c4 c6 6. Nd4 Bh7 7. cxd5 cxd5 8. Nc3 Nc6 9. Nxc6 bxc6 10. Qa4 Qd7 11. b4 e6 12. d3 Rb8 13. a3 Bd6 14. Be3 Rb7 15. Rac1 0-0 16. Qa6 Ng4 17. Bd2 c5 18. Na4 cxb4 19. axb4 Rfb8 20. Rb1 Bxb4 21. Rfc1 Bg6 22. Bxb4 Rxb4 23. Rxb4 Rxb4 24. Nc5 Qe7 25. h3 Nf6 26. e3 Ne8 27. d4 Rb1 28. Rxb1 Bxb1 29. Nb7 Kh7 30. Bf1 Bg6 31. Kg2 Qc7 32. Bb5 Be4+ 33. f3 Qc2+ 34. Be2 Nc7 0-1